Vista normal
Vista MARC
- Otárola Murillo, Fanny
Entrada Personal Name
Número de registros utilizados en: 1
001 - CONTROL NUMBER
- control field: 61483
003 - CONTROL NUMBER IDENTIFIER
- control field: OSt
005 - DATE AND TIME OF LATEST TRANSACTION
- control field: 20210922114935.0
008 - FIXED-LENGTH DATA ELEMENTS
- fixed length control field: 210922|| aca||aabn | a|a d
040 ## - CATALOGING SOURCE
- Original cataloging agency: OSt
- Transcribing agency: OSt
100 ## - HEADING--PERSONAL NAME
- Personal name: Otárola Murillo, Fanny
670 ## - SOURCE DATA FOUND
- Source citation: Work cat.: (OSt): Otárola Murillo, Fanny, Propuesta para determinar el potencial agroturistico en la zona de Florencia de Turrialba, Cartago, Costa Rica